00665nam a2200229 a 4500001001300000003000900013005001700022008004100039020001000080082001500090100001200105245004700117260003700164300000900201500003500210650001600245700001200261902000800273942000700281952013000288999001700418nice12345678IN_TiNIC20260116015340.0100205s2009 hyda grp 000 0 eng  ac10000a297.7bIMR aImran,  aCalling to Islamb Mission of the Prophets aHyderabad bPace Graphics c2009 a407p aincludes index and biblioraphy aDawah-Islam1 aImran,  bSRS cBK 001040708StackRoom-aHMIbHMId2010-02-22g100.00l1o297.7 IMRp11002105r2016-11-30s2016-11-29v100.00w2010-02-05yBK c19331d19331